| 000 | 00930cam a22001814a 4500 | ||
|---|---|---|---|
| 005 | 20250605164139.0 | ||
| 008 | 250528s ||||||||||||||||||||||||d | ||
| 035 | _a18909 | ||
| 040 |
_aGR-AtMCL _bgre _dGR-AtMCL _eAACR2 |
||
| 245 | 1 | _aReviewing English Grammar / Intermediate - Advanced Level | |
| 260 | _c1990 | ||
| 300 | _a268 | ||
| 520 | _aArticles, Nouns, Adjectives, Adverbs, Pronouns, Conjuctions, Prepositions, Prepositional Adverbs or Adverb Particles, Verbs, Auxiliary Verbs, Auxiliary Defective Verbs, Modal Verbs, Moods, Imperative Mood, Subjunctive Mood, Had Better - Would Rather, Tail Question or Question Tags, Exclamations, Wishes and Regrets, Word Order, Clauses, Phrases, Sentence, Concord, Numerals, Conditional Sentences, Direct and Indirect Speech, Passive Voice, Do - Make, Say - Tell, Phrasal Verbs, Phrasal Nouns. | ||
| 700 | 1 |
_aTerzoglou Elli _95193 |
|
| 942 | _cBK | ||
| 999 |
_c4210 _d4210 |
||